| 000 | 02806nam a22004575i 4500 | ||
|---|---|---|---|
| 001 | 23052525 | ||
| 003 | BJBSDDR | ||
| 005 | 20250728140934.0 | ||
| 006 | a|||||r|||| 00| 0 | ||
| 007 | ta | ||
| 008 | 230406s2024 nyu r 000 0 eng | ||
| 010 | _a 2023936000 | ||
| 020 | _a9780198887942 (hardback) | ||
| 020 | _a0198887949 (hardback) | ||
| 020 |
_z9780198887966 _q(epub) |
||
| 020 |
_z9780198887959 _q(ebook) |
||
| 035 | _a23052525 | ||
| 040 |
_aDLC _beng _erda _cDLC |
||
| 041 | _aeng | ||
| 042 | _apcc | ||
| 050 | 1 | 4 |
_aHB 501 _bM468c 2024 |
| 100 | 1 |
_aMayer, Colin Peter _942986 |
|
| 245 | 1 | 0 |
_aCapitalism and crises : _bhow to fix them / _cColin Mayer. |
| 250 | _a1. | ||
| 263 | _a2402 | ||
| 264 | 1 |
_aNew York : _bOxford University Press, _c2024. |
|
| 300 | _apages cm | ||
| 336 |
_atext _btxt _2rdacontent |
||
| 337 |
_aunmediated _bn _2rdamedia |
||
| 338 |
_avolume _bnc _2rdacarrier |
||
| 504 | _aIncludes bibliographical references and index. | ||
| 505 | 0 | _aThe Problem1: The System2: The ChallengeThe Duty3: The Moral Law4: The Role of LawThe Method5: Owning the Problem6: Leading SolutionsThe Prize7: Valuing the Invaluable8: Just ProfitThe Commitment9: Financing Equity10: Our Common PurposeThe EndAcknowledgementsFurther Readings | |
| 520 |
_a"The world is encountering multiple crises - climate, droughts, floods, energy, food, and pandemics. This book is about how capitalism can fix them - how it can solve not cause them. The reason why it has caused them is that we have misconceived the nature of our capitalist system. We have failed to understand the key institution at the heart of it - business - and as a result we have allowed it to cause as well as solve problems. This book describes why this has happened and what needs to change to address it. It will demonstrate that at the core of the problem is the key driver of capitalism and that is profit - the way in which we resource and reward those who run the system. Currently, profit comes from causing as well as solving problems. It must not, if we are to prevent the problems. At the centre of the book is the notion of organizations as existing to solve problems, not cause them, and the way in which they should be designed, owned, governed, measured, and incentivized to do that. The book discusses how financial institutions should contribute to this, and how the public sector can work with the private on a common purpose of solving problems and creating shared prosperity"-- _cProvided by publisher. |
||
| 650 | 4 |
_aCapitalismo _xAspectos sociales _91779 |
|
| 650 | 4 |
_aCapitalismo _xAspectos filosóficos _943727 |
|
| 650 | 4 |
_aCrisis _xAspectos económicos _943728 |
|
| 906 |
_a0 _bibc _corignew _d2 _eepcn _f20 _gy-gencatlg |
||
| 942 |
_2lcc _cBK |
||
| 946 | _iLLH | ||
| 999 |
_c124030 _d124030 |
||